| 000 | 00747nam a2200289Ia 4500 | ||
|---|---|---|---|
| 005 | 20260324144931.0 | ||
| 008 | 008 260324s9999 xx 000 0 eng d | ||
| 020 | _a9781003161639 | ||
| 037 | _aEBOOK | ||
| 040 | _aCRL | ||
| 040 | _beng | ||
| 040 | _cCRL | ||
| 041 | _2eng | ||
| 041 | _aeng | ||
| 084 | _qCRL | ||
| 100 |
_aRonald Gandelman _91221145 |
||
| 245 | 0 | _aAutobiographies in Experimental Psychology | |
| 245 | 0 | _bFrank A. Beach, Fred S. Keller, Howard H. Kendler, Karl H. Pribram, Curt P. Richter | |
| 260 | _bTaylor and Francis | ||
| 260 | _c1985 | ||
| 365 | _a | ||
| 365 | _b150 | ||
| 856 | _uhttp://www.taylorfrancis.com/books/9781003161639 | ||
| 942 | _cEBOOK | ||
| 999 |
_c1828390 _d1828390 |
||